<?xml version="1.0" encoding="UTF-8"?>
<record
    xmlns:xsi="http://www.w3.org/2001/XMLSchema-instance"
    xsi:schemaLocation="http://www.loc.gov/MARC21/slim http://www.loc.gov/standards/marcxml/schema/MARC21slim.xsd"
    xmlns="http://www.loc.gov/MARC21/slim">

  <leader>02449njm a2200421Ia 4500</leader>
  <controlfield tag="001">23767</controlfield>
  <controlfield tag="003">IT-RoPAU</controlfield>
  <controlfield tag="005">20220918181121.0</controlfield>
  <controlfield tag="008">131025s9999    xx            000 0 und d</controlfield>
  <datafield tag="040" ind1=" " ind2=" ">
    <subfield code="a">IT-RoPAU</subfield>
  </datafield>
  <datafield tag="040" ind1=" " ind2=" ">
    <subfield code="c">IT-RoPAU</subfield>
  </datafield>
  <datafield tag="999" ind1=" " ind2=" ">
    <subfield code="c">99841</subfield>
    <subfield code="d">99841</subfield>
  </datafield>
  <datafield tag="999" ind1=" " ind2=" ">
    <subfield code="b">n.d.</subfield>
  </datafield>
  <datafield tag="100" ind1=" " ind2=" ">
    <subfield code="a">AA.VV.</subfield>
    <subfield code="9">794</subfield>
  </datafield>
  <datafield tag="100" ind1=" " ind2=" ">
    <subfield code="e">Autore musica</subfield>
    <subfield code="9">5707</subfield>
  </datafield>
  <datafield tag="100" ind1=" " ind2=" ">
    <subfield code="g">Codice autore musica SPICS: 12000</subfield>
    <subfield code="9">796</subfield>
  </datafield>
  <datafield tag="245" ind1=" " ind2=" ">
    <subfield code="a">Grandi valzer lirici e romantici (Lp 135 009)</subfield>
  </datafield>
  <datafield tag="250" ind1=" " ind2=" ">
    <subfield code="a">1a ed.</subfield>
  </datafield>
  <datafield tag="260" ind1=" " ind2=" ">
    <subfield code="a">GERMANY</subfield>
  </datafield>
  <datafield tag="260" ind1=" " ind2=" ">
    <subfield code="b">DEUTSCHE GRAMMOPHON</subfield>
    <subfield code="c">1963 [1a Ed.:]</subfield>
  </datafield>
  <datafield tag="300" ind1=" " ind2=" ">
    <subfield code="a">DISCO</subfield>
  </datafield>
  <datafield tag="300" ind1=" " ind2=" ">
    <subfield code="c">50 minuti (Testo:  pag.)</subfield>
  </datafield>
  <datafield tag="500" ind1=" " ind2=" ">
    <subfield code="a">Musica classica. Valzer lirici e romantici</subfield>
  </datafield>
  <datafield tag="505" ind1=" " ind2=" ">
    <subfield code="a">Sul bel Danubio blu, valzer op.314 (An Der Schonen Blauen Donau Inno ufficiale austriaco) - Valzer dal II atto del "Faust" (Faust-Valzer Aus "Margarethe") - Scena e valzer di Swanilda da "Coppelia", quadro I - Valzer dal III atto de "Il Cavaliere della rosa" - Valzer dalla Serenata per archi in mi magg op 22, II mov. - Valzer da "Eugenio Oneghin" - Tre valzer da "Les Sylphides"</subfield>
  </datafield>
  <datafield tag="511" ind1=" " ind2=" ">
    <subfield code="a">Orchestra Sinfonica di Radio Berlino diretta da Fricsay Ferenc</subfield>
  </datafield>
  <datafield tag="511" ind1=" " ind2=" ">
    <subfield code="a">Orchestra Filarmonica di Berlino diretta da Von Karajan Herbert</subfield>
  </datafield>
  <datafield tag="511" ind1=" " ind2=" ">
    <subfield code="a">Orchestra Filarmonica di Berlino diretta da Bohm Karl</subfield>
  </datafield>
  <datafield tag="511" ind1=" " ind2=" ">
    <subfield code="a">Orchestra Sinfonica della Ndr di Amburgo diretta da Schmidt-Isserstedt H.</subfield>
  </datafield>
  <datafield tag="650" ind1=" " ind2=" ">
    <subfield code="a">VALZER [DISCHI]</subfield>
    <subfield code="e">Codice MATERIA SPICS: 9950</subfield>
    <subfield code="9">5708</subfield>
  </datafield>
  <datafield tag="700" ind1=" " ind2=" ">
    <subfield code="a">Strauss Johann Jr.</subfield>
    <subfield code="d">Codice autore musica SPICS: 11164</subfield>
    <subfield code="e">Autore musica</subfield>
    <subfield code="p">Sul bel Danubio blu</subfield>
    <subfield code="9">5709</subfield>
  </datafield>
  <datafield tag="700" ind1=" " ind2=" ">
    <subfield code="a">Gounod Charles</subfield>
    <subfield code="d">Codice autore musica SPICS: 10670</subfield>
    <subfield code="e">Autore musica</subfield>
    <subfield code="p">Valzer dal II atto del "Faust"</subfield>
    <subfield code="9">5710</subfield>
  </datafield>
  <datafield tag="700" ind1=" " ind2=" ">
    <subfield code="a">Delibes Leo</subfield>
    <subfield code="d">Codice autore musica SPICS: 7951</subfield>
    <subfield code="e">Autore musica</subfield>
    <subfield code="p">Scena e valzer di Swanilda da "Coppelia", quadro I </subfield>
    <subfield code="9">5711</subfield>
  </datafield>
  <datafield tag="700" ind1=" " ind2=" ">
    <subfield code="a">Strauss Richard</subfield>
    <subfield code="d">Codice autore musica SPICS: 11165</subfield>
    <subfield code="e">Autore musica</subfield>
    <subfield code="p">Valzer dal III atto de "Il Cavaliere della Rosa"</subfield>
    <subfield code="9">5712</subfield>
  </datafield>
  <datafield tag="700" ind1=" " ind2=" ">
    <subfield code="a">Dvorak Antonin</subfield>
    <subfield code="d">Codice autore musica SPICS: 10772</subfield>
    <subfield code="e">Autore musica</subfield>
    <subfield code="p">Valzer dalla Serenata per archi in mi magg op 22, II mov.</subfield>
    <subfield code="9">5713</subfield>
  </datafield>
  <datafield tag="700" ind1=" " ind2=" ">
    <subfield code="a">Cajkovskij Petr Llijch</subfield>
    <subfield code="d">Codice autore musica SPICS: 10808</subfield>
    <subfield code="e">Autore musica</subfield>
    <subfield code="p">Valzer da "Eugenio Oneghin"</subfield>
    <subfield code="9">5714</subfield>
  </datafield>
  <datafield tag="700" ind1=" " ind2=" ">
    <subfield code="a">Chopin Fryderyk</subfield>
    <subfield code="d">Codice autore musica SPICS: 8056</subfield>
    <subfield code="e">Autore musica</subfield>
    <subfield code="p">Tre valzer da "Les Sylphides"</subfield>
    <subfield code="9">5715</subfield>
  </datafield>
  <datafield tag="700" ind1=" " ind2=" ">
    <subfield code="a">Douglas Roy</subfield>
    <subfield code="d">Codice autore SPICS: 13772</subfield>
    <subfield code="e">Autore</subfield>
    <subfield code="p">Tre valzer da "Les Sylphides"</subfield>
    <subfield code="9">5716</subfield>
  </datafield>
  <datafield tag="942" ind1=" " ind2=" ">
    <subfield code="c">MD</subfield>
    <subfield code="2">ddc</subfield>
  </datafield>
  <datafield tag="952" ind1=" " ind2=" ">
    <subfield code="0">0</subfield>
    <subfield code="1">0</subfield>
    <subfield code="4">0</subfield>
    <subfield code="6">23767_000000000000000</subfield>
    <subfield code="7">1</subfield>
    <subfield code="a">SPICS</subfield>
    <subfield code="b">SPICS</subfield>
    <subfield code="d">2013-10-25</subfield>
    <subfield code="l">0</subfield>
    <subfield code="o">23767</subfield>
    <subfield code="r">2013-10-25 00:00:00</subfield>
    <subfield code="w">2013-10-25</subfield>
    <subfield code="y">MD</subfield>
    <subfield code="z">Progr. Ins.: 4614 / N.Vol.: 1 / Copie: 1 - Copia rara: n.d. / date import: 01.01.2014 - By Epidotti, Trombetti, Vaglietti</subfield>
  </datafield>
</record>
